01159nam a2200193Ia 4500001001000000003001000010008004100020040002500061041001300086100001400099245012400113250001100237260007400248300001100322500024200333501011400575520024200689650003400931L235-9779IT-CnALBA170116s9999||||xx |||||||||||||| ||und|| aIT-CnALBAcIT-CnALBA aITALIANO aQUEBECEN. 0aCONCESSIONIS ET APPROBATIONIS OFFICII ET MISSAE PROPRIAE IN HONOREM SS. JOANNIS DE BREBEUF, ISAACI JOGUES, MARTYRUM, S  a1a ed. a ROMAbMIRRI E GUERRA c1931 [1° Ed.:1931 - Ed.Ling.Originale: 1931] a21 p.  aLUIGI TRAGLIA ASSESSORE. PRESENTI VESCOVI DEL CANADA E DEGLI USA. SUPERIORE GENERALE DEI GESUITI. UFFICIO E MESSA DEI SANTI MARTIRI GIOVANNI DE BREBEUF E ISAC JOGUES, GESUITI. CONGREGAZIONE DEI RITI. RELATORE CARDINALE ALESSANDRO VERDE.  aSocietà San Paolo EM - Piazza San Paolo, 14 - 12051 ALBA (CN) (non commercial uses only) ® Copyright 2017 aLUIGI TRAGLIA ASSESSORE. PRESENTI VESCOVI DEL CANADA E DEGLI USA. SUPERIORE GENERALE DEI GESUITI. UFFICIO E MESSA DEI SANTI MARTIRI GIOVANNI DE BREBEUF E ISAC JOGUES, GESUITI. CONGREGAZIONE DEI RITI. RELATORE CARDINALE ALESSANDRO VERDE.  aMARIA SS. ANGELI SANTI DEMONI